00510 2200205 4500245005200000020002200052250001100074100001900085700001600104650001200120650001000132005001900142260005700161041001400218084000800232300002400240336000900264337001000273338002100283 aSejarah untuk SMK Kelas XcSari OktafianahText a978-602-244-556-2 aCet. 1 aSari Oktafiana aEka Wardana aSejarah aEbook a20230616072344 aJakartabKementerian Pendidikan dan Kebudayaanc2021 aIndonesia a901 axii, 92 hlm. :cPDF atext aother aother (computer)